202 useful exercises for IELTS
में बचाया:
| मुख्य लेखक: | |
|---|---|
| स्वरूप: | पुस्तक |
| भाषा: | Undetermined |
| प्रकाशित: |
Tp HCM
2002
|
| टैग : |
टैग जोड़ें
कोई टैग नहीं, इस रिकॉर्ड को टैग करने वाले पहले व्यक्ति बनें!
|
| Thư viện lưu trữ: | Trung tâm Học liệu Trường Đại học Cần Thơ |
|---|
| LEADER | 00417nam a2200145Ia 4500 | ||
|---|---|---|---|
| 001 | CTU_48319 | ||
| 008 | 210402s9999 xx 000 0 und d | ||
| 082 | |a 428.24 | ||
| 082 | |b A213 | ||
| 100 | |a Garry Adams | ||
| 245 | 0 | |a 202 useful exercises for IELTS | |
| 245 | 0 | |c Garry Adams, Terry Peck; Dịch giả: Lê Huy Lâm | |
| 260 | |b Tp HCM | ||
| 260 | |c 2002 | ||
| 980 | |a Trung tâm Học liệu Trường Đại học Cần Thơ | ||